| 000 | 01097cam a2200277 i 4500 | ||
|---|---|---|---|
| 003 | SA-RiAUC | ||
| 005 | 20250709062820.0 | ||
| 008 | 250708q19001999le g 000rf ara c | ||
| 040 |
_aSA-JeALM _bara _cSA-RiAUC _erda |
||
| 041 | 1 |
_aara _heng |
|
| 050 | 4 | _bW58125 1900z | |
| 082 | 0 | 4 |
_a823 _qSA-RiAUC |
| 090 |
_a823 _bك ر ي |
||
| 100 | 1 |
_aكريستي، أجاثا، _d1890-1976 _eمؤلف. |
|
| 245 | 1 | 0 |
_aشاهدة إثبات / _cتأليف أجاثا كريستي ؛ ترجمة عمر عبد العزيز أمين. |
| 264 | 1 |
_aبيروت : _bالمكتبة الثقافية، _c[بين 1900 و1999] |
|
| 300 |
_a152 صفحة ؛ _c24 سم. |
||
| 336 |
_aنص _btxt _2rdacontent _3كتاب |
||
| 337 |
_aبدون وسيط _bn _2rdamedia |
||
| 338 |
_aمجلد _bnc _2rdacarrier |
||
| 650 | 7 |
_aالقصص الإنجليزية _vترجمات إلى العربية _yقرن 20 _2aucsh |
|
| 650 | 7 |
_aالقصص البوليسية _yقرن 20 _2aucsh |
|
| 700 | 1 |
_aأمين، عمر عبد العزيز _eمترجم. |
|
| 942 |
_2ddc _cBOOK _n0 |
||
| 949 |
_aSA-JeALM _d250708 _uosman123 _n1 |
||
| 999 |
_c9633 _d9633 |
||